Southville International School and Colleges
Your cart is empty.
  • Cart
  • Lists
    Public lists Eva Luna New books Lux_list list_1
    Your lists Log in to create your own lists
  • Log in to your account
  • Your cookies
  • Search history
Southville International School and Colleges
  • Advanced search
  • Recent comments
  • Most popular
  • Libraries

Log in to your account

Log in with GOOGLE


If you do not have an external account, but do have a local account, you can still log in:

  1. Home
  2. MARC view: Psychology of eating :
Normal view MARC view ISBD view

Psychology of eating : (Record no. 368205)

[ view plain ]
MARC details
000 -LEADER
fixed length control field 00897nam a22002537a 4500
003 - CONTROL NUMBER IDENTIFIER
control field 0
005 - DATE AND TIME OF LATEST TRANSACTION
control field 20251009141017.0
008 - FIXED-LENGTH DATA ELEMENTS--GENERAL INFORMATION
fixed length control field 251009b xxu||||| |||| 00| 0 eng d
020 ## - INTERNATIONAL STANDARD BOOK NUMBER
International Standard Book Number 978-1-032-61634-6
050 ## - LIBRARY OF CONGRESS CALL NUMBER
Classification number BF 697.5.E27
Item number .S65 2025
100 ## - MAIN ENTRY--PERSONAL NAME
Personal name Splane, Emily Crews,
Relator term author.
245 ## - TITLE STATEMENT
Title Psychology of eating :
Remainder of title from Biology to culture to policy /
Statement of responsibility, etc Emily Crews Splane, Neil E. Rowland, and Anaya Mitra.
250 ## - EDITION STATEMENT
Edition statement Third edition.
260 ## - PUBLICATION, DISTRIBUTION, ETC. (IMPRINT)
Place of publication, distribution, etc New York, NY :
Name of publisher, distributor, etc Routledge,
Date of publication, distribution, etc 2025.
300 ## - PHYSICAL DESCRIPTION
Extent xi, 241 pages :
Other physical details illustrations ;
Dimensions 26 cm.
504 ## - BIBLIOGRAPHY, ETC. NOTE
Bibliography, etc Includes bibliographical references and index.
650 ## - SUBJECT ADDED ENTRY--TOPICAL TERM
Topical term or geographic name as entry element Eating
General subdivision Psychological aspects.
650 ## - SUBJECT ADDED ENTRY--TOPICAL TERM
Topical term or geographic name as entry element Food habits
General subdivision Psychological aspects.
650 ## - SUBJECT ADDED ENTRY--TOPICAL TERM
Topical term or geographic name as entry element Appetite
General subdivision Psychological aspects.
650 ## - SUBJECT ADDED ENTRY--TOPICAL TERM
Topical term or geographic name as entry element Food
General subdivision Social aspects.
700 ## - ADDED ENTRY--PERSONAL NAME
Personal name Rowland, Neil E.,
Relator term author.
700 ## - ADDED ENTRY--PERSONAL NAME
Personal name Mitra, Anaya,
Relator term author.
942 ## - ADDED ENTRY ELEMENTS (KOHA)
Source of classification or shelving scheme Library of Congress Classification
Koha item type Books
Holdings
Withdrawn status Lost status Source of classification or shelving scheme Damaged status Home library Current library Shelving location Date acquired Source of acquisition Sub Shelving location Total Checkouts Full call number Barcode Date last seen Price effective from Koha item type
    Library of Congress Classification   College Library College Library Reserve Section 06/04/2025 Library Fund     BF 697.5.E27 .S65 2025 C25339 10/09/2025 10/09/2025 Books

Psychology of eating :

APA

Splane E. C., Rowland N. E. & Mitra A. (2025). Psychology of eating. New York, NY: Routledge.

Chicago

Splane Emily Crews, Rowland Neil E and Mitra Anaya. 2025. Psychology of eating. New York, NY: Routledge.

Harvard

Splane E. C., Rowland N. E. and Mitra A. (2025). Psychology of eating. New York, NY: Routledge.

MLA

Splane Emily Crews, Rowland Neil E and Mitra Anaya. Psychology of eating. New York, NY: Routledge. 2025.

  • Place hold
  • Print
  • Cite
  • Add to your cart (remove)
  • Save record
    BIBTEX Dublin Core MARCXML MARC (non-Unicode/MARC-8) MARC (Unicode/UTF-8) MARC (Unicode/UTF-8, Standard) MODS (XML) RIS
  • More searches
    Search for this title in:
    Other Libraries (WorldCat) Other Databases (Google Scholar) Online Stores (Bookfinder.com) Open Library (openlibrary.org)

Exporting to Dublin Core...

SOUTHVILLE LIBRARY

Southville International School and Colleges Library

1281 Tropical Ave. Cor. Luxembourg St., BF Homes International, Las Pinas City

Tel. No. 8256374 / 252358 Loc. 117/146

Powered by Koha